[Event "2024 North Island Championships"]
[Site "Wellington NZL"]
[Date "2024.03.31"]
[Round "6.6"]
[White "Weng, Winston"]
[Black "Archer, Ollie"]
[Result "0-1"]
[WhiteElo "1800"]
[BlackElo "2004"]
[WhiteFideId "4306414"]
[BlackFideId "4317262"]

1. c4 e6 2. d4 d5 3. Nf3 Nf6 4. Nc3 Nbd7 5. cxd5 exd5 6. Bg5 c6 7. e3 Bd6 8.
Bd3 Nf8 9. Qc2 Ng6 10. a3 a5 11. O-O O-O 12. Bf5 h6 13. Bh4 Bxf5 14. Qxf5 Nxh4
15. Nxh4 Ne4 16. Nf3 Nxc3 17. bxc3 a4 18. Qb1 b5 19. Ne1 f5 20. g3 Qe7 21. Qc1
Rae8 22. Nc2 g5 23. Nb4 f4 24. exf4 gxf4 25. Re1 Qd7 26. Qc2 Kg7 27. f3 fxg3
28. hxg3 Rxf3 0-1

[Event "2024 North Island Championships"]
[Site "Wellington NZL"]
[Date "2024.03.31"]
[Round "6.7"]
[White "Gan, Emily Cathay"]
[Black "Nicholls, Leighton"]
[Result "1-0"]
[WhiteElo "1793"]
[BlackElo "1930"]
[WhiteFideId "4310608"]
[BlackFideId "4303776"]

1. c4 c5 2. Nc3 Nc6 3. Nf3 Nf6 4. g3 g6 5. Bg2 Bg7 6. O-O O-O 7. e3 d6 8. d4
Bd7 9. d5 Nb4 10. a3 Na6 11. Qd3 Nc7 12. e4 a6 13. Nh4 b5 14. f4 bxc4 15. Qxc4
Nb5 16. e5 Ng4 17. h3 Nh6 18. g4 Nd4 19. Nf3 Bb5 20. Nxb5 axb5 21. Qd3 Nxf3+
22. Bxf3 Qb6 23. Kh1 dxe5 24. fxe5 f5 25. d6 Ra7 26. Qd5+ Nf7 27. Be3 exd6 28.
e6 Bxb2 29. exf7+ Rfxf7 30. Ra2 Rxa3 31. Rxa3 Bxa3 32. Qa8+ 1-0

[Event "2024 North Island Championships"]
[Site "Wellington NZL"]
[Date "2024.03.31"]
[Round "6.10"]
[White "Cummings, Nick"]
[Black "Malcolm, Leo"]
[Result "1-0"]
[WhiteElo "1899"]
[BlackElo "1794"]
[WhiteFideId "4301218"]
[BlackFideId "4317408"]
[PlyCount "0"]
[EventDate "2024.03.29"]
[SourceDate ""]

1. d4 d5 2. Nf3 e6 3. e3 Nf6 4. Bd3 c6 5. Nbd2 Nbd7 6. O-O Bd6 7. Qe2 O-O 8. c4
dxc4 9. Nxc4 Bc7 10. Rd1 b5 11. Nce5 Bb7 12. Nxd7 Nxd7 13. e4 e5 14. Bg5 f6 15.
Be3 Qe7 16. Rac1 Rac8 17. a4 exd4 18. Nxd4 a6 19. Nf5 Qf7 20. Bh6 g6 21. Bxf8
Qxf8 22. Bc4+ bxc4 23. Rxd7 Kh8 24. Rcd1 gxf5 25. Qh5 Qg8 26. Rf7 Qg6 27. Qxg6
hxg6 28. Rdd7 c5 29. Rh7+ Kg8 30. Rdg7+ Kf8 31. Rxc7 Rxc7 32. Rxc7 Bxe4 33.
Rxc5 Bd3 34. Rc6 Ke7 35. Rxa6 c3 36. Ra7+ 1-0

[Event "2024 North Island Championships"]
[Site "Wellington NZL"]
[Date "2024.03.31"]
[Round "6.13"]
[White "Benitez, Edgar"]
[Black "Coates, Alex"]
[Result "1/2-1/2"]
[WhiteElo "1855"]
[BlackElo "1721"]

1. d4 Nf6 2. c4 e6 3. Nf3 d5 4. e3 c6 5. Nc3 Bb4 6. Bd2 O-O 7. Be2 Nbd7 8. a3
Bd6 9. Rc1 Re8 10. O-O dxc4 11. Bxc4 Nb6 12. Ba2 h6 13. Qc2 Nfd5 14. Bb1 f5 15.
e4 Nxc3 16. Bxc3 g6 17. Rcd1 Qc7 18. e5 Bf8 19. h4 Nd5 20. Bd2 Kh7 21. g3 Bg7
22. Rfe1 Bd7 23. Rc1 Bf8 24. Ba2 Rac8 25. b4 Qd8 26. Kg2 Be7 27. Rh1 Rg8 28.
Rh2 a5 29. Qb2 axb4 30. axb4 Qb6 31. Rb1 Ra8 32. Rhh1 Rg7 33. Bxd5 cxd5 34. Ra1
Rgg8 35. Rxa8 Rxa8 36. Ra1 Rc8 37. Rc1 Rxc1 38. Qxc1 Bf8 39. Qe1 Qd8 40. Qe3
Bg7 41. Ne1 Bb5 42. Kh2 Be8 43. Ng2 Qe7 44. Qc3 Qd7 45. Nf4 Kg8 46. Nd3 Bf8 47.
Qc1 Kh7 48. Nc5 Bxc5 49. bxc5 Qg7 50. Qb2 Bc6 51. Qb6 Qd7 52. Ba5 Qc8 53. Qa7
Kg7 54. Bb6 Qd7 55. Qa5 Kf7 56. Bd8 Kg7 57. Bf6+ Kh7 58. Qa8 Qe8 59. Qa7 Qd7
60. Qb8 Qe8 61. Qd6 Bd7 62. Qc7 Qc8 63. Qd6 Qe8 64. f4 h5 65. Qc7 Qc8 66. Qd6
Qe8 67. Kh3 Kg8 68. Qc7 Qc8 69. Qd6 Qe8 1/2-1/2

[Event "2024 North Island Championships"]
[Site "Wellington NZL"]
[Date "2024.03.31"]
[Round "6.15"]
[White "Wen, Sandy"]
[Black "Ha, Timothy Huy Minh"]
[Result "0-1"]
[WhiteElo "1484"]
[BlackElo "1808"]
[PlyCount "139"]
[EventDate "2024.03.29"]

1. e4 c6 2. d4 d5 3. exd5 cxd5 4. Nf3 Nf6 5. Bb5+ Bd7 6. Bxd7+ Nbxd7 7. O-O e6
8. Qe2 Be7 9. h3 O-O 10. Bf4 Qb6 11. c3 Ne4 12. Qc2 h6 13. Nbd2 Ndf6 14. Nxe4
Nxe4 15. Nd2 f5 16. f3 Nxd2 17. Qxd2 Bf6 18. Kh1 Rac8 19. Rae1 Rfe8 20. Re2 Qa5
21. a3 b5 22. Rfe1 Qb6 23. Qd1 a5 24. Be5 Kf7 25. f4 Rc6 26. Re3 b4 27. axb4
axb4 28. Rg3 g6 29. Qa1 Bxe5 30. fxe5 bxc3 31. bxc3 Qb7 32. Qc1 Kg7 33. Qf4 Qe7
34. Kh2 Rec8 35. Rc1 g5 36. Qd2 Rf8 37. Rf1 Rf7 38. Rgf3 h5 39. g4 hxg4 40.
hxg4 f4 41. Rh3 Rc8 42. Kg2 Rh8 43. Rxh8 Kxh8 44. Rh1+ Rh7 45. Rxh7+ Qxh7 46.
Qe2 Qb7 47. Kf3 Qb1 48. c4 Qb3+ 49. Kf2 Qxc4 50. Qb2 Kg7 51. Qb7+ Kg6 52. Qb1+
Kg7 53. Qb7+ Kf8 54. Qb8+ Kg7 55. Qb7+ Kh6 56. Qb6 Qc2+ 57. Ke1 Qe4+ 58. Kd2
Qg2+ 59. Kc3 Qxg4 60. Kb4 Kh5 61. Qd8 Kh4 62. Kc5 f3 63. Qf6 Kg3 64. Kd6 f2 65.
Qxe6 Qxe6+ 66. Kxe6 f1=Q 67. Kxd5 Qb5+ 68. Ke6 Qe8+ 69. Kf5 g4 70. d5 Qf7+ 71.
Ke4 Kf2 0-1

[Event "2024 North Island Championships"]
[Site "Wellington NZL"]
[Date "2024.03.31"]
[Round "6.16"]
[White "Wilson, Dion A"]
[Black "Sethuramalingam, Karthik"]
[Result "1-0"]
[WhiteElo "1785"]
[BlackElo "1672"]

1. e4 c6 2. d4 d5 3. e5 c5 4. dxc5 e6 5. Nf3 Bxc5 6. Bd3 Nc6 7. c3 a6 8. Nbd2
Qc7 9. Qe2 Nge7 10. Nb3 Ba7 11. O-O Ng6 12. Re1 Bb8 13. Bxg6 hxg6 14. Bg5 Rh5
15. h4 f6 16. exf6 gxf6 17. Bxf6 Rf5 18. Bg5 e5 19. g3 Rf7 20. Qd3 Qd6 21. Nbd4
Kf8 22. Nxc6 e4 23. Qd4 Rxf3 24. Be7+ 1-0

[Event "2024 North Island Championships"]
[Site "Wellington NZL"]
[Date "2024.03.31"]
[Round "6.21"]
[White "Mayer, Uri"]
[Black "Malcolm, Aidan"]
[Result "0-1"]
[WhiteElo "1571"]
[BlackElo "1744"]
[PlyCount "44"]
[EventDate "2024.03.29"]

1. e4 c5 2. Nf3 d6 3. d4 cxd4 4. Nxd4 Nf6 5. Nc3 g6 6. f3 Bg7 7. Bc4 O-O 8. Be3
Bd7 9. Qd2 Nc6 10. O-O-O Rc8 11. Bb3 Ne5 12. Bh6 Bxh6 13. Qxh6 Rxc3 14. bxc3
Qa5 15. Kb2 Rc8 16. Ne2 Bb5 17. Qd2 Nc4+ 18. Bxc4 Bxc4 19. Ra1 Bxe2 20. Qxe2
Qxc3+ 21. Kb1 Rc6 22. Qb5 Qxc2# 0-1

[Event "2024 North Island Championships"]
[Site "Wellington NZL"]
[Date "2024.03.31"]
[Round "6.22"]
[White "Campbell, Cazna"]
[Black "Lau, Great Boyou"]
[Result "1-0"]
[WhiteElo "1717"]
[BlackElo "1653"]
[PlyCount "85"]
[EventDate "2024.03.29"]

1. d4 Nf6 2. c3 g6 3. e3 Bg7 4. Bd3 O-O 5. f4 d5 6. Nd2 Nbd7 7. Ngf3 c5 8. O-O
cxd4 9. exd4 Nb6 10. Ne5 Nfd7 11. Qe2 Nxe5 12. fxe5 f6 13. Nf3 fxe5 14. Nxe5
Rxf1+ 15. Kxf1 Nd7 16. Ng4 Qf8+ 17. Kg1 Nf6 18. Ne5 Nd7 19. Nf3 Nf6 20. Bg5 b6
21. Re1 e6 22. Rf1 Qd6 23. Ne5 Nd7 24. Nxg6 Bb7 25. Ne7+ Kh8 26. Qh5 Nf6 27.
Bxf6 Qxh2+ 28. Qxh2 Bxf6 29. Rxf6 Kg7 30. Qh6+ Kh8 31. Nf5 exf5 32. Bxf5 Rg8
33. Rf7 Rxg2+ 34. Kxg2 Bc8 35. Bxc8 a6 36. Rg7 b5 37. Be6 b4 38. Kg3 bxc3 39.
Kg4 cxb2 40. Kg5 b1=Q 41. Rxh7+ Qxh7 42. Qf8+ Qg8+ 43. Qxg8# 1-0

[Event "2024 North Island Championships"]
[Site "Wellington NZL"]
[Date "2024.03.31"]
[Round "6.26"]
[White "Ashe, Michael"]
[Black "Meng, Harrison Xiang Zhi"]
[Result "1/2-1/2"]
[WhiteElo "1678"]
[BlackElo "1524"]
[WhiteFideId "4310462"]
[BlackFideId "4317750"]
[PlyCount "0"]
[EventDate "2024.03.29"]
[SourceDate ""]

1. d4 d5 2. c4 c6 3. Nc3 Nf6 4. e3 Bf5 5. cxd5 cxd5 6. Qb3 b6 7. Bb5+ Nbd7 8.
Nxd5 Nxd5 9. Qxd5 e6 10. Bxd7+ Ke7 11. Qb5 Qxd7 12. Qxd7+ Kxd7 13. Nf3 Rc8 14.
O-O Bd6 15. Bd2 Rc7 16. Rfc1 Rhc8 17. Rxc7+ Rxc7 18. Rc1 Rxc1+ 19. Bxc1 h6 20.
h3 g5 21. g4 Be4 22. Nd2 Bd5 23. b3 f5 24. gxf5 exf5 25. f3 Kc6 26. Kf2 Kb5 27.
Nb1 Bb4 28. Bd2 a5 29. a4+ Kc6 30. Bxb4 axb4 31. Nd2 b5 32. axb5+ Kxb5 33. Kg3
Kc6 34. f4 Kd6 35. fxg5 hxg5 36. Kf2 Ke6 1/2-1/2

[Event "2024 North Island Championships"]
[Site "Wellington NZL"]
[Date "2024.03.31"]
[Round "6.29"]
[White "Cui, Oscar"]
[Black "Ravi, Vrajesh"]
[Result "1-0"]
[WhiteElo "1663"]
[BlackElo "1054"]
[PlyCount "55"]
[EventDate "2024.03.29"]

1. e4 e5 2. Nc3 Nf6 3. f4 exf4 4. e5 Ng8 5. Nf3 d6 6. d4 dxe5 7. Nxe5 Qe7 8.
Qe2 Nf6 9. Bxf4 Qb4 10. Nc6+ Qe7 11. Nxe7 Bxe7 12. Bxc7 Nc6 13. Qd2 Bb4 14.
O-O-O O-O 15. a3 Bxc3 16. Qxc3 Ne4 17. Qf3 Re8 18. Bc4 Ng5 19. Qf4 h6 20. Rde1
Rxe1+ 21. Rxe1 Bd7 22. h4 Ne6 23. Bxe6 Bxe6 24. Qe4 Re8 25. d5 Rc8 26. dxe6
fxe6 27. Qxe6+ Kh7 28. Qxc8 1-0

[Event "2024 North Island Championships"]
[Site "Wellington NZL"]
[Date "2024.03.31"]
[Round "6.36"]
[White "Bohme, Alex"]
[Black "Grant, Elliot James"]
[Result "0-1"]
[WhiteElo "1301"]
[BlackElo "1537"]
[PlyCount "98"]
[EventDate "2024.03.29"]

1. d4 Nf6 2. c4 e6 3. Nf3 d5 4. Nc3 Bb4 5. a3 Bxc3+ 6. bxc3 h6 7. Bf4 c5 8. e3
Qa5 9. Qc2 Ne4 10. Bd3 Qxc3+ 11. Qxc3 Nxc3 12. O-O cxd4 13. Nxd4 Nc6 14. c5
Nxd4 15. exd4 Bd7 16. Bd6 Nb5 17. Bxb5 Bxb5 18. Rfe1 Kd7 19. Re3 b6 20. Rd1
bxc5 21. dxc5 Bc6 22. Rd4 f6 23. Rg4 Rhg8 24. Reg3 g5 25. Re3 e5 26. Rf3 Ke6
27. Re3 d4 28. Re1 Rae8 29. Rxd4 Kf7 30. Rd3 e4 31. Rd2 f5 32. Bc7 Re7 33. Ba5
Rge8 34. Rd6 Re6 35. Red1 Rxd6 36. cxd6 Ke6 37. h3 Rb8 38. f3 e3 39. Re1 f4 40.
Bb4 Rb5 41. Kh2 a5 42. Rc1 axb4 43. Rxc6 Re5 44. Rc1 bxa3 45. Kg1 e2 46. Kf2
Kxd6 47. Re1 a2 48. Ra1 e1=Q+ 49. Rxe1 Rxe1 0-1

[Event "2024 North Island Championships"]
[Site "Wellington NZL"]
[Date "2024.03.31"]
[Round "6.41"]
[White "Le, Long Minh"]
[Black "Forster, William"]
[Result "0-1"]
[WhiteElo "946"]
[BlackElo "1867"]
[WhiteFideId "4320930"]
[BlackFideId "0"]
[PlyCount "0"]
[EventDate "2024.03.29"]
[SourceDate ""]

{This was a training game only. White's scheduled opponent defaulted, so he
gets a free point but also a training game under tournament conditions against
the tournament organiser.} 1. e4 c5 2. Nf3 a6 3. c3 e6 4. d4 d5 5. e5 Bd7 6.
Bd3 Bb5 7. Bxb5+ axb5 8. Be3 c4 9. O-O Nc6 10. Nbd2 b4 11. a3 bxa3 12. bxa3
Bxa3 13. Rb1 Qc7 14. h3 Bf8 15. Ra1 Rxa1 16. Qxa1 Nge7 17. Bg5 h6 18. Bf4 Nc8
19. Rb1 Be7 20. Rb2 O-O 21. Qb1 b6 22. Qd1 Qa7 23. Ne1 Qa5 24. Qg4 Kh7 25. Rc2
b5 26. Nb1 b4 27. cxb4 Qxb4 28. Nc3 Rd8 29. Qh5 Nxd4 30. Rc1 Kg8 31. Nf3 Nxf3+
32. Qxf3 d4 33. Ne4 Nb6 34. Qd1 Nd5 35. Bd2 c3 36. Be1 Qc4 37. Ng3 d3 38. Qf3
Bg5 39. Ra1 d2 40. h4 dxe1=Q+ 41. Rxe1 c2 42. Ne2 c1=Q 43. Nxc1 Bxc1 44. Re4
Qc7 45. Qe2 Ba3 46. Qh5 Bf8 47. Re1 Rb8 48. Kh2 Rb2 49. f3 Qc2 50. Rg1 Qf5 51.
Qg4 Qxg4 52. fxg4 Re2 53. g5 hxg5 54. hxg5 Nf4 55. Kg3 Rxg2+ 56. Rxg2 Nxg2 57.
Kxg2 Kh7 58. Kg3 Kg6 59. Kg4 Be7 60. Kf3 Bxg5 61. Ke4 Bc1 62. Kf3 Kf5 63. Ke2
Ke4 64. Kd1 Kf3 65. Kxc1 Ke2 66. Kc2 g5 67. Kc3 g4 68. Kd4 g3 69. Kc5 g2 70.
Kd6 g1=Q 71. Ke7 Qf2 72. Kd7 Kd3 73. Ke7 Kd4 74. Kd6 Qf4 75. Kc6 Qxe5 76. Kd7
Qc5 77. Ke8 Qc7 78. Kf8 Ke5 79. Kg7 Kf5 80. Kh6 f6 81. Kh5 Qh2# 0-1

[Event "2024 North Island Championships"]
[Site "Wellington NZL"]
[Date "2024.03.31"]
[Round "7.1"]
[White "Winter, Ryan"]
[Black "Ker, Anthony F"]
[Result "0-1"]
[WhiteElo "2037"]
[BlackElo "2217"]
[WhiteFideId "4306295"]
[BlackFideId "4300084"]

1. e4 c5 2. Nf3 g6 3. d4 cxd4 4. Nxd4 Nc6 5. c4 Nf6 6. Nc3 d6 7. Be2 Nxd4 8.
Qxd4 Bg7 9. Bg5 O-O 10. Qe3 Be6 11. Rc1 Qb6 12. Qd2 Rfc8 13. b3 Qa5 14. O-O a6
15. f4 Rc5 16. Kh1 b5 17. f5 Bd7 18. Qe3 bxc4 19. Bxc4 gxf5 20. Bxf6 Bxf6 21.
Nd5 Rxd5 22. Bxd5 Rf8 23. Rf3 Qxa2 24. exf5 Kh8 25. Rcf1 Bb5 26. Re1 Qb2 27.
Rh3 Rg8 28. Qh6 Rg7 29. Rg3 Qf2 30. Qe3 Qxf5 31. Be4 Qe5 32. Rxg7 Kxg7 33. Qf2
Qc3 34. Re3 Qc1+ 35. Re1 Qg5 36. g3 d5 37. h4 Qh5 38. Bc2 d4 39. Be4 Bd7 40.
Kh2 Qg4 41. Bd3 a5 42. Bc4 Bf5 43. Bf1 e5 44. Bg2 e4 45. Rf1 Kg6 46. Qc2 d3 47.
Qd2 Be5 48. Qf2 Qxh4+ 49. Kg1 Qg5 50. Bxe4 Bxe4 51. Qxf7+ Kh6 52. Qe6+ Bg6 53.
Qh3+ Qh5 54. Qe6 Bxg3 55. Qe3+ Qg5 56. Qf3 Bd6+ 57. Kh1 Qh4+ 0-1

[Event "2024 North Island Championships"]
[Site "Wellington NZL"]
[Date "2024.03.31"]
[Round "7.2"]
[White "Loke, Kayden"]
[Black "Croad, Nicolas"]
[Result "1-0"]
[WhiteElo "1867"]
[BlackElo "2209"]
[WhiteFideId "4313186"]
[BlackFideId "4300793"]

1. a3 d5 2. Nf3 c5 3. e3 Nc6 4. Bb5 Qc7 5. O-O e5 6. d4 e4 7. Ne5 Bd6 8. c4 Nf6
9. cxd5 Nxd5 10. Nd2 Nf6 11. Qc2 Bxe5 12. dxe5 Qxe5 13. Bxc6+ bxc6 14. b3 O-O
15. Bb2 Qf5 16. Rfc1 Rd8 17. Bxf6 Qxf6 18. Nxe4 Qg6 19. Nxc5 Bf5 20. Qe2 Rd5
21. f3 Qf6 22. b4 Rad8 23. Rd1 Qc3 24. Rdc1 Qe5 25. Ra2 h5 26. e4 Qf4 27. Re1
Rd2 28. Rxd2 Rxd2 29. Qe3 Qxe3+ 30. Rxe3 Be6 31. Nxe6 fxe6 32. Rc3 Ra2 33. Rxc6
Rxa3 34. Rxe6 Rb3 35. Ra6 Rxb4 36. Rxa7 Rb2 37. h4 Kh7 38. Kh2 Kg6 39. Ra6+ Kf7
40. Kg3 Re2 41. Ra5 g6 42. Rg5 Kf6 43. Kf4 Ra2 44. g3 Ra3 45. Rb5 Rc3 46. Rb6+
Kf7 47. Rb7+ Ke6 48. g4 hxg4 49. fxg4 Rc5 50. Rb6+ Kf7 51. Rd6 Ra5 52. Rd5 Ra4
53. Ke5 Ra7 54. Kf4 Ra4 55. Rb5 Rc4 56. Rb7+ Kf8 57. Ke5 Rc5+ 58. Kf6 Rc6+ 59.
Kg5 Re6 60. e5 Rxe5+ 61. Kxg6 Re6+ 62. Kh5 Kg8 63. g5 Ra6 64. g6 Ra4 65. Kg5
Ra5+ 66. Kh6 Ra8 67. h5 Rc8 68. Rg7+ Kh8 69. Rf7 Kg8 70. Rg7+ Kh8 71. Re7 Kg8
72. Kg5 Rf8 73. h6 Ra8 74. Rd7 Ra5+ 75. Kf6 Ra6+ 76. Kf5 Ra5+ 77. Ke6 Ra6+ 78.
Rd6 Ra8 79. Ke7 1-0

[Event "2024 North Island Championships"]
[Site "Wellington NZL"]
[Date "2024.03.31"]
[Round "7.3"]
[White "Wang, Justin Zhide"]
[Black "Archer, Ollie"]
[Result "1/2-1/2"]
[WhiteElo "1825"]
[BlackElo "2004"]
[WhiteFideId "4312830"]
[BlackFideId "4317262"]

1. e4 c6 2. d4 d5 3. Nc3 dxe4 4. Nxe4 Nd7 5. Nf3 Ngf6 6. Nxf6+ Nxf6 7. c3 Bg4
8. Be2 e6 9. h3 Bh5 10. Ne5 Bxe2 11. Qxe2 Bd6 12. O-O O-O 13. Bg5 Be7 14. Rad1
Qc7 15. Bxf6 Bxf6 16. Ng4 Be7 17. f4 c5 18. d5 exd5 19. f5 Rfe8 20. Qd2 Bf8 21.
Qxd5 Rad8 22. Qf3 c4 23. Kh1 Qb6 24. Rxd8 Rxd8 25. f6 g6 26. Qf4 Qe6 27. Nh6+
Kh8 28. Qc7 Qe2 29. Nxf7+ Kg8 30. Rg1 Rd1 31. Nd8 Rxg1+ 32. Kxg1 Qd1+ 33. Kf2
Qd2+ 34. Kf3 Qd1+ 35. Kf2 Qd2+ 1/2-1/2

[Event "2024 North Island Championships"]
[Site "Wellington NZL"]
[Date "2024.03.31"]
[Round "7.4"]
[White "Chang, Luke"]
[Black "Young, Cohen"]
[Result "1-0"]
[WhiteElo "1866"]
[BlackElo "1914"]
[WhiteFideId "4325605"]
[BlackFideId "4317440"]

1. d4 Nf6 2. Nf3 e6 3. e3 c5 4. Bd3 b6 5. O-O Bb7 6. Nbd2 d5 7. c3 Nbd7 8. Ne5
Nxe5 9. dxe5 Nd7 10. f4 Qc7 11. Qe2 O-O-O 12. a4 g5 13. Nf3 g4 14. Ng5 c4 15.
Bc2 Nc5 16. Qxg4 h6 17. Nf3 Be7 18. Nd4 h5 19. Qe2 f6 20. exf6 Bxf6 21. b4 cxb3
22. Bd3 Rdg8 23. Ba3 e5 24. Nb5 Qe7 25. fxe5 Bxe5 26. Nd4 Qc7 27. h3 Kb8 28.
Rf5 Rg3 29. Raf1 Nxd3 30. Qxd3 Qg7 31. Rf8+ Rxf8 32. Rxf8+ Bc8 33. Nc6+ Kc7 34.
Qxd5 Bxh3 35. Rf7+ Qxf7 36. Qxf7+ Kxc6 37. Qc4+ Kb7 38. Qd5+ Kc8 39. Qxe5 Rxg2+
40. Kh1 Ra2 41. Qe8+ Kb7 42. Qf7+ 1-0

[Event "2024 North Island Championships"]
[Site "Wellington NZL"]
[Date "2024.03.31"]
[Round "7.5"]
[White "Langford, Joshua"]
[Black "Thurner, Anya"]
[Result "1/2-1/2"]
[WhiteElo "1896"]
[BlackElo "1809"]
[WhiteFideId "4314557"]
[BlackFideId "4307780"]

1. e4 e5 2. Nf3 Nc6 3. Bc4 Bc5 4. c3 Nf6 5. d3 d6 6. O-O O-O 7. h3 h6 8. Re1 a6
9. a4 Ba7 10. Nbd2 Be6 11. Bxe6 fxe6 12. b4 Qe8 13. Nf1 Nh5 14. Ra2 Qf7 15.
N1h2 Nf4 16. Bxf4 Qxf4 17. Kh1 Qf7 18. g3 Qd7 19. Kg2 Rf7 20. b5 Nb8 21. Qb3 a5
22. d4 exd4 23. cxd4 Qe7 24. Rc2 Bb6 25. Nf1 Nd7 26. N1d2 Raf8 27. Rc3 Kh8 28.
Nc4 e5 29. Nxb6 cxb6 30. Re2 Qf6 31. Qd5 exd4 32. Qxd4 Qxd4 33. Nxd4 Nc5 34.
Rc4 Nxe4 35. f4 d5 36. Rc1 Re8 37. Nf3 Rfe7 38. Ne5 Kh7 39. Rec2 Nc5 40. Rd1
Nxa4 41. Rxd5 Nc5 42. Kf3 Re6 43. Nc4 Kh8 44. Nxb6 Rxb6 45. Rdxc5 Rbe6 46. Rc7
b6 47. R7c6 Kg8 48. f5 Rxc6 49. Rxc6 Re5 50. Rxb6 Rxf5+ 51. Ke4 Rg5 52. g4 a4
53. Rb8+ Kh7 54. b6 Rb5 55. b7 a3 56. Ra8 Rxb7 1/2-1/2

[Event "2024 North Island Championships"]
[Site "Wellington NZL"]
[Date "2024.03.31"]
[Round "7.6"]
[White "Van der Hoorn, Thomas"]
[Black "Gan, Emily Cathay"]
[Result "1/2-1/2"]
[WhiteElo "1874"]
[BlackElo "1793"]
[WhiteFideId "4314565"]
[BlackFideId "4310608"]

1. e4 c5 2. Nf3 e6 3. d4 cxd4 4. Nxd4 Nc6 5. Nc3 Nf6 6. Nxc6 bxc6 7. e5 Nd5 8.
Ne4 Qc7 9. f4 Be7 10. c4 Nb6 11. Nd6+ Bxd6 12. exd6 Qd8 13. Be2 Qf6 14. O-O Ba6
15. Qb3 Nxc4 16. Bxc4 Qd4+ 17. Be3 Qxc4 18. Qxc4 Bxc4 19. Rfc1 Bd5 20. b4 O-O
21. a3 Rfb8 22. Bc5 a5 23. Kf2 a4 1/2-1/2

[Event "2024 North Island Championships"]
[Site "Wellington NZL"]
[Date "2024.03.31"]
[Round "7.7"]
[White "Rains, Edward"]
[Black "Dive, Russell J"]
[Result "0-1"]
[WhiteElo "2041"]
[BlackElo "2192"]
[WhiteFideId "4302940"]
[BlackFideId "4300106"]

1. e4 c6 2. d4 d5 3. e5 Bf5 4. h4 h5 5. Bg5 Qb6 6. Bd3 Bxd3 7. Qxd3 e6 8. Nd2
c5 9. c4 Qa6 10. Ngf3 Nc6 11. O-O cxd4 12. Rfe1 Bb4 13. Nxd4 Nge7 14. Nb5 O-O-O
15. c5 Kb8 16. a3 Bxc5 17. b4 Bb6 18. Qe2 Rd7 19. Bxe7 Rxe7 20. Nb3 f6 21. exf6
gxf6 22. Rec1 Rg8 23. Nc5 Bxc5 24. Rxc5 Rg4 25. Rac1 Qb6 26. Nd6 a6 27. Qe3 d4
28. Qf3 Reg7 29. Rxc6 Rxg2+ 30. Kh1 bxc6 31. Rxc6 Rg1+ 32. Kh2 Qd8 33. Rxa6 Qd7
34. Qa8+ Kc7 35. Ra7+ Kxd6 36. Qb8+ Ke7 37. Rxd7+ Kxd7 38. Qb7+ Kd6 39. Qb6+
Ke5 40. Qc5+ Ke4 41. Qc2+ Kf4 42. Qd2+ Ke5 43. Qe2+ Kd6 44. Qa6+ Ke7 45. Qa7+
Ke8 46. Qa8+ Kf7 47. Qa7+ Kg8 48. Qa8+ Kh7 49. Qe4+ R7g6 50. Qxe6 R1g2+ 51. Kh3
Rxf2 52. Qf7+ Kh6 53. Qf8+ Rg7 54. Qh8+ Kg6 55. Qe8+ Kf5 56. Qxh5+ Ke4 57. Qe8+
Kd3 58. Qb5+ Kd2 59. Qc4 Rf3+ 60. Kh2 d3 61. Qa2+ Ke3 62. Qe6+ Kf2 63. Qa2+ Ke1
64. Qe6+ Kf1 65. Qc8 Rg2+ 66. Kh1 d2 67. Qc4+ Re2 68. Qg4 Ree3 69. Qg2+ Ke1 70.
Kg1 Rg3 0-1

[Event "2024 North Island Championships"]
[Site "Wellington NZL"]
[Date "2024.03.31"]
[Round "7.8"]
[White "Ha, Timothy Huy Minh"]
[Black "Cummings, Nick"]
[Result "0-1"]
[WhiteElo "1808"]
[BlackElo "1899"]
[WhiteFideId "12417246"]
[BlackFideId "4301218"]

1. e4 c6 2. Nc3 d5 3. Nf3 Bg4 4. h3 Bh5 5. g4 Bg6 6. Ne5 Bxe4 7. f3 Bg6 8. d4
Nd7 9. Nxg6 hxg6 10. Bf4 e6 11. g5 Ne7 12. Qd2 Nf5 13. O-O-O Be7 14. Kb1 Nb6
15. Ka1 Rh4 16. Ne2 Nc4 17. Qc1 Qb6 18. Rd3 Bd6 19. Bxd6 Ncxd6 20. Rb3 Qc7 21.
Rd3 O-O-O 22. Qe1 Kb8 23. Qc1 Rc8 24. Rg1 c5 25. dxc5 Qxc5 26. Rc3 Rc4 27. Bg2
d4 28. Rxc4 Qxc4 29. Nf4 Qxc2 30. Qxc2 Rxc2 31. Kb1 Ne3 32. Bh1 Ndc4 33. Re1
Rxb2+ 34. Kc1 Rxa2 35. Kb1 Rb2+ 36. Kc1 Rc2+ 37. Kb1 a5 38. Nd3 Na3+ 39. Ka1
Rd2 40. Rc1 Rxd3 41. f4 Rd1 42. Rxd1 Nxd1 43. Bf3 Ne3 44. Be4 Nac4 45. Ka2 Kc7
46. h4 Nf5 47. Bd3 b5 48. Kb3 Kd6 49. Kc2 Nxh4 50. Be4 Nf5 51. Kd3 Kc5 52. Kc2
a4 53. Kb1 Nd2+ 0-1

[Event "2024 North Island Championships"]
[Site "Wellington NZL"]
[Date "2024.04.01"]
[Round "7.10"]
[White "Steele, Hayden"]
[Black "Barry, Jacob"]
[Result "0-1"]
[WhiteElo "1812"]
[BlackElo "1582"]
[WhiteFideId "4319176"]
[BlackFideId "4304462"]
[PlyCount "0"]
[EventDate "2024.03.29"]
[SourceDate ""]

1. e4 e5 2. Nc3 Nf6 3. f4 d5 4. fxe5 Nxe4 5. Qf3 Nxc3 6. bxc3 Qh4+ 7. g3 Qe4+
8. Qxe4 dxe4 9. Bg2 Bf5 10. Ne2 Nc6 11. Rf1 Bg6 12. Rb1 O-O-O 13. Nf4 Nxe5 14.
Nxg6 hxg6 15. Bxe4 c6 16. h4 f5 17. Bg2 Bd6 18. d3 Rhe8 19. Kd1 Ng4 20. Bh3
Ne3+ 21. Bxe3 Rxe3 22. h5 Rxg3 23. Rh1 Kb8 24. hxg6 Rh8 25. Ke2 Rhxh3 26. Rxh3
Rxh3 27. Rf1 f4 28. Rf2 Rg3 29. c4 Rxg6 30. Kf3 Rg3+ 31. Ke4 g6 32. Rh2 Re3+
33. Kd4 Kc7 34. c5 Be5+ 35. Kc4 Bg7 36. Rh7 Re7 37. Rh4 Rf7 38. Rh2 f3 39. Rf2
g5 40. d4 g4 0-1

[Event "2024 North Island Championships"]
[Site "Wellington NZL"]
[Date "2024.04.01"]
[Round "7.12"]
[White "Liu, Richard Jingjie"]
[Black "Benitez, Edgar"]
[Result "1-0"]
[WhiteElo "1713"]
[BlackElo "1855"]

1. e4 d5 2. exd5 Nf6 3. Bb5+ c6 4. dxc6 bxc6 5. Be2 Bb7 6. Nf3 e6 7. d4 Bd6 8.
c4 Nbd7 9. Nc3 h6 10. Be3 O-O 11. Qc2 Qe7 12. Rd1 c5 13. Nb5 Bb8 14. dxc5 Nxc5
15. Bxc5 Qxc5 16. Nc3 Ng4 17. O-O Bxf3 18. Bxf3 Bxh2+ 19. Kh1 Qh5 20. Bxg4 Qh4
21. Bh3 Bc7 22. Qe4 Qf6 23. g3 Rab8 24. Nb5 Be5 25. b3 a6 26. Nd4 Rbd8 27. Nf3
Bc7 28. Bg2 Qb2 29. Qb1 Qf6 30. c5 a5 31. a3 g5 32. b4 axb4 33. axb4 Kg7 34. b5
h5 35. b6 Bb8 36. Qc1 h4 37. Qxg5+ Qxg5 38. Nxg5 hxg3 39. fxg3 Rxd1 40. Rxd1
Bxg3 41. c6 Rh8+ 42. Nh3 Bf2 43. b7 Bb6 1-0

[Event "2024 North Island Championships"]
[Site "Wellington NZL"]
[Date "2024.04.01"]
[Round "7.15"]
[White "Malcolm, Leo"]
[Black "Nazeer, Afique M"]
[Result "1-0"]
[WhiteElo "1794"]
[BlackElo "1572"]
[WhiteFideId "4317408"]
[BlackFideId "9970703"]
[PlyCount "0"]
[EventDate "2024.03.29"]
[SourceDate ""]

1. e4 e5 2. Nf3 Nf6 3. Nc3 Nc6 4. Nxe5 Bb4 5. Nxc6 dxc6 6. d3 h6 7. h3 Bxc3+ 8.
bxc3 O-O 9. Be2 Re8 10. O-O a5 11. f4 Qe7 12. Qe1 b5 13. Qg3 Qc5+ 14. Be3 Qxc3
15. f5 Kh7 16. Qf2 Nxe4 17. dxe4 Rxe4 18. Bd3 Re8 19. f6+ g6 20. Bxh6 1-0